| 000 | 00726nam a2200301Ia 4500 | ||
|---|---|---|---|
| 005 | 20260330160911.0 | ||
| 008 | 008 300114s9999 xx 000 0 eng d | ||
| 020 | _a9789389949599 | ||
| 037 | _aEBOOK | ||
| 040 | _aCRL | ||
| 040 | _beng | ||
| 040 | _cCRL | ||
| 041 | _2eng | ||
| 041 | _aeng | ||
| 084 | _qCRL | ||
| 100 |
_aKar _9187592 |
||
| 245 | 0 | _aEngineering Mathematics-II (MAKAUT 2020) | |
| 250 | _a1 | ||
| 260 | _bMcgraw Hill | ||
| 260 | _c2020 | ||
| 365 | _aINR | ||
| 365 | _b29400 | ||
| 650 |
_aCore Engineering _91232266 |
||
| 856 | _uhttps://resolver.vitalsource.com/9789389949599/?brand=mcgrawhillindia.vitalsource.com | ||
| 942 | _cEBOOK | ||
| 999 |
_c1844194 _d1844194 |
||